Name a Valid U.S. State Bordering Lakes - Statistics

General Stats
  • This quiz has been taken 23 times
  • The average score is 6 of 15
Answer Stats
Lake/Reservoir States % Correct
Superior Minnesota | Wisconsin | Michigan
100%
Tahoe California | Nevada
95%
Michigan Michigan | Illinois | Indiana | Wisconsin
95%
Erie Ohio | Pennsylvania | New York
95%
Champlain New York | Vermont
68%
Mead Nevada | Arizona
55%
Toledo Bend Texas | Louisiana
27%
Traverse Minnesota | South Dakota
18%
Hartwell Georgia | South Carolina
14%
Bull Shoals Arkansas | Missouri
9%
Barkley Kentucky | Tennessee
9%
Umbagog Maine | New Hampshire
9%
Monomonac Massachusetts | New Hampshire
9%
Bear Utah | Idaho
9%
Gaston North Carolina | Virginia
5%
No matching quizzes found
Score Distribution
Percent of People with Each Score
Percentile by Number Answered
Your Score History
You have not taken this quiz